Law in Cyber Space

Detalles Bibliográficos
Autor principal: Gregory, John
Otros Autores: Pestaina, Gene
Formato: Desconocido
Lenguaje:inglés
Publicado: Londres : Commonwealth Secretariat, cop. 2001
Materias:
Acceso en línea:Acceso restringido

MARC

LEADER 00000ny a22000003n 4500
005 20110621150622.0
008 040614s2001 xxk 000 0 eng d
020 |a 9780850926583 
035 |a 2119 
040 |a UCHCEU-MJML.  |d vLex 
080 |a 341.1/.8 
090 |c 976  |d 976 
100 1 |a Gregory, John 
245 1 0 |a Law in Cyber Space  |h [Recurso electrn̤ico]  |c John Gregory ; Gene Pestaina 
256 |a Servicio en ln̕ea 
260 |a Londres :  |b Commonwealth Secretariat,   |c cop. 2001 
300 |a 142 p. ;   |c 21 cm 
506 1 |a Contenido solo disponible en los productos indicados  |d vLex Global  |d vLex Global (Academic Edition, excluding Law Schools)  |d vLex Global (U.S. Academic Edition, Law Schools)  |d vLex Global (U.S. Academic Edition, excluding Law Schools)  |d vLex Global (Academic Edition, Law Schools) 
650 0 4 |a Internet  |x Derecho 
650 0 4 |a Tecnologa̕ de la informacin̤  |x Derecho 
700 1 |a Pestaina, Gene  
740 0 |a vLex Libros (Servicios en ln̕ea) 
856 4 0 |z Acceso restringido  |u http://vlex.com/source/2119 
942 |c BOOK 
999 0 4 |a Internet- 
999 0 4 |a Tecnologa̕ de la informacin̤- 
999 0 4 |a Tecnologa̕ de la informacin̤-